000 00322nam a22001217a 4500
008 260305b ||||| |||| 00| 0 eng d
041 _aeng
080 _a2.1
100 _a20.1
101 _aNgjarje
245 _aVictor A Friedman Studies on Albanian and other Balkan language
_cDugagjini Ballkan Books
942 _2lcc
_cBK
999 _c60869
_d60869